| 000 | 00386nam a2200157 a 4500 | ||
|---|---|---|---|
| 005 | 20140414131924.0 | ||
| 008 | 101026s19uu xx 00 eng d | ||
| 050 |
_aER _bT41 1984 |
||
| 100 | _a | ||
| 245 |
_aThe three little kittens / _cillustrated by Dot Stott. |
||
| 260 |
_aNew York : _bGrosset & Dunlap, _c1984. |
||
| 440 | _a | ||
| 650 | _a | ||
| 650 | _a | ||
| 999 |
_c111900 _d111900 |
||